Регионална библиотека "Любен Каравелов" - Русе

Събрани съчинения : в 12 тома. Т. 7 (Запис номер 325501)

MARC детайли
000 -Лидер
Контролно поле с фиксирана дължина 01611nam a2200373 ab4500
003 - Код на организацията, давaща контролен номер
Контролно поле BLK
005 - Дата и час на последна редакция
Контролно поле 20250724145757.0
008 - Елементи от данни с фиксирана дължина
fixed length control field 181018b bu ||||| |||| 001 0 bu d
020 ## - Международен стандартен номер на книга ISBN
Международен стандартен номер на книга ISBN 978-619-90077-7-8
Поясняваща информация (Т. 7)
040 ## - Източник на каталожния запис
Идентификатор на билиотеката - собственик на записа BLK
041 ## - Код за език
Код за езика на текст/звукозапис или на отделно заглавие Български
Код за езика КДБФ Български
080 ## - УДК
Текстов определител УДК Българска литература
УДК код - определител по УДК 821.163.2
УДК определител (081.1)
УДК - код + определител 821.163.2(081.1)
080 ## - УДК
Текстов определител УДК Българска литература
УДК код - определител по УДК 821.163.2
УДК определител -31
УДК - код + определител 821.163.2-31
100 ## - Редна дума - Автор
R(LIN) 429765
Автор Радичков, Йордан Димитров
Дати, свързани с автора 1929-2004
139 ## - Редно поле
Редна дума Радичков, Йордан Димитров
Авторски знак Ради - Р 14
245 ## - Сведения за заглавието
Заглавие Събрани съчинения : в 12 тома. Т. 7
Редно поле (дума) Йордан Радичков
Том Т. 7
Заглавие на том Романи
257 ## - Страна на издаване
Страна на създаване/издаване България
260 ## - Област на издателските данни
9 (RLIN) 219051
Място на издаване, разпространение и проч. София
Име на издателя, разпространителя и проч. НИКЕ
Година на издаване 2014
Печатница София : Изток-Запад
300 ## - Физическа характеристика
Размери/Мащаб 24 см
380 ## - Жанр
Жанр Худож. лит.
700 ## - Други автори (авторска отговорност)
9 (RLIN) 1559
Лично име Пелева, Инна Иванова
Автороска отговорност (Описва отношението между автора и произведението) състав., предг. и бел.
700 ## - Други автори (авторска отговорност)
9 (RLIN) 1328
Лично име Стефанов, Валери Стоилов
Автороска отговорност (Описва отношението между автора и произведението) ред. кол. на том
774 ## - Описание на съставна част или том
Редна дума на основното описание Събрани съчинения : в 12 тома
Място на издаване, издател и година София : Нике, 2017
Физическа характеристика 560 с.
Забележка Именен показалец, топогр. показалец, показалец на редките думи
Заглавие Т. 7. Романи
Международен стандартен номер на книгата ISBN 978-619-90077-7-8
852 ## - Местоположение
Форматна сигнатура Цб 291008
Фондова буква Хранилище
Систематично-азбучна сигнатура П 886.7(081)/Р 14
856 ## - Електронен адрес и достъп
Инструкция (цена за достъп) 0.00
Права за достъп disable
999 ## - СИСТЕМНИ КОНТРОЛНИ НОМЕРА
Koha biblionumber 325501
Koha biblioitemnumber 325501
942 ## - АРТИКУЛИ
Вид на библиотечния материал Книги
Скрит в OPAC Не
Периодичен библиозапис Да
Koha issues (borrowed), all copies 60
999 ## - СИСТЕМНИ КОНТРОЛНИ НОМЕРА
Koha biblioitemnumber 325501
999 ## - СИСТЕМНИ КОНТРОЛНИ НОМЕРА
Koha biblioitemnumber 325501
999 ## - СИСТЕМНИ КОНТРОЛНИ НОМЕРА
Koha biblioitemnumber 325501
999 ## - СИСТЕМНИ КОНТРОЛНИ НОМЕРА
Koha biblioitemnumber 325501
999 ## - СИСТЕМНИ КОНТРОЛНИ НОМЕРА
Koha biblioitemnumber 325501
999 ## - СИСТЕМНИ КОНТРОЛНИ НОМЕРА
Koha biblioitemnumber 325501
944 ## - СЪЗДАВАНЕ И РЕДАКЦИЯ на ЗАПИСА
Служител, извършил регистрацията/редакцията 30530
Статус, дата на статуса Минев Младен
Наличности
Код за отписване Код за изгубен артикул Източник на класификационната схема Код за повреда Коз за рестрикции Код за отдаване Артикулен № Име на библиотеката - собственик Име на библиотеката, в която се намира в момента Статус (Текущо местоположение) Дата на вписване в системата Местоположение - отдел Цена в лева Инвентарен номер Систематично азбучна сигнатура Баркод Цена в евро Служебен тип на артикула
  Не е изгубен Universal Decimal Classification Не е повреден без рестрикции ползва се в читалня 681850 Регионална библиотека "Любен Каравелов" Русе Регионална библиотека "Любен Каравелов" Русе Хранилище 2018-11-01 Хранилище 25.00 120000824426 Цб 291008 120000824426 12.78 Книги
  Не е изгубен Universal Decimal Classification Не е повреден   заемане за дома 753871 Регионална библиотека "Любен Каравелов" Русе Регионална библиотека "Любен Каравелов" Русе Заемна - подръчен фонд 2020-01-13 Заемна - подръчен фонд 20.00   П 886.7(081)Р 14 120000840903 10.23 Книги
  Не е изгубен Universal Decimal Classification Не е повреден   заемане за дома 753872 Регионална библиотека "Любен Каравелов" Русе Регионална библиотека "Любен Каравелов" Русе Заемна - подръчен фонд 2020-01-13 Заемна - подръчен фонд 20.00   П 886.7(081)Р 14 120000840902 10.23 Книги
  Не е изгубен Universal Decimal Classification Не е повреден   заемане за дома 753873 Регионална библиотека "Любен Каравелов" Русе Регионална библиотека "Любен Каравелов" Русе Заемна - подръчен фонд 2020-01-13 Заемна - подръчен фонд 20.00   П 886.7(081)Р 14 120000840901 10.23 Книги
Vip Innovations Ltd, Rousse, Bulgaria 2025